Strategic Corporate Social Responsibility Sustainable Value Creation

Gespeichert in:
Bibliographische Detailangaben
1. Verfasser: Chandler, David
Format: Buch
Sprache:Englisch
Veröffentlicht: Thousand Oaks SAGE 2017
Ausgabe:4th Edition
Schlagworte:
Tags: Tag hinzufügen
Keine Tags, Fügen Sie das erste Tag hinzu!

MARC

LEADER 00000nam a2200000 4500
001 0248112
005 20240221113218.9
020 |a 9781506310992 
020 |a 978-1-5063-1099-2 
041 0 |a eng 
044 |a US 
245 1 0 |a Strategic Corporate Social Responsibility  |b Sustainable Value Creation  |c David Chandler 
250 |a 4th Edition 
264 1 |a Thousand Oaks  |b SAGE  |c 2017 
300 |a 447 s. 
610 2 0 |a firmy 
610 2 0 |a podnikanie 
610 2 0 |a správanie 
610 2 0 |a zodpovednosť podniku spoločenská 
610 2 0 |a prognózy hospodárske 
610 2 0 |a ponuka 
610 2 0 |a stratégia podniková 
610 2 0 |a hodnota podniku 
610 2 0 |a zamestnanci 
610 2 0 |a štúdie prípadové 
100 1 |a Chandler, David